| 000 | 00770nam a22002057a 4500 | ||
|---|---|---|---|
| 999 |
_c12674 _d12674 |
||
| 003 | AR-CdUCM | ||
| 008 | 190409b ||||| |||| 00| 0 spa d | ||
| 040 |
_aMUNICIPALIDAD PROVINCIAL DEL CUSCO _cBIBLIOTECA MUNICIPAL DEL CUSCO |
||
| 082 |
_a323.445 / _bH82 |
||
| 100 |
_aHuaccha Carhuajulca, José carlos _930654 |
||
| 245 | _aLibertad de prensa y la legislación en el Perú / | ||
| 260 |
_aTrujillo : _bAmaru, _c1971. |
||
| 300 |
_a142 páginas ; _c21 cm. |
||
| 505 | _aContenido: Antecedentes de la libertad de prensa -- Libertad de prensa -- Legislación de prensa en el Perú -- Estatuto de libertad de prensa. | ||
| 650 |
_aLibertad de prensa _98106 |
||
| 650 |
_aLegislación _92962 |
||
| 650 |
_aPerú _935 |
||
| 942 |
_2ddc _cLIBROS |
||
| 945 |
_aacv _d2019-04-09 |
||